Cultura generale ITA #8 - Statistics

Statistiche generali
  • Questo quiz è stato fatto 506 volte
  • Il punteggio medio è 10 su 20
Statistiche sulle risposte
Hint Risposta % Corretto
Il risotto giallo di Milano Allo Zafferano
94%
Buzz Aldrin è stata la seconda persona a camminarci su Luna
86%
Probabilmente il più famoso personaggio dei videogiochi italiano Super Mario
85%
Il campo di expertise di Iginio Massari Pasticceria
74%
Decorazione del corpo, reintrodotta in europa dall'Oceania nel diciottesimo secolo Tatuaggio
72%
Scultura di pietra calcarea situata nella necropoli di Giza Grande Sfinge di Giza
68%
Numero di coltellate ricevute da Giulio Cesare 23
62%
Muscolo della spalla Deltoide
59%
Compositore e direttore d'orchestra italiano, vincitore di un Premio Oscar alla migliore colonna sonora Ennio Morricone
54%
Se fosse foco, arderebbe il mondo Cecco Angiolieri
45%
Nome del blu primario Ciano
44%
Il primo e più famoso libro del Ciclo dei Vinti I malavoglia
44%
Oggetto che vibra a una frequenza pura predefinita (solitamente 440Hz) se battuto Diapason
41%
Li porta Renzo all'azzeccagarbugli 4 capponi
40%
Organi tattili di molti felini, volgarmente chiamati "baffi" Vibrisse
39%
Il factotum di Siviglia secondo Rossini Figaro
26%
Epurazione nazista del 1934, compiuta dalle SS nei confronti di alti esponenti del partito nazista Notte dei lunghi coltelli
25%
Il primo libro del fumettista italiano Zerocalcare La profezia dell'armadillo
12%
Nome della dittatura Greca del secondo dopoguerra Dittatura dei colonnelli
11%
Il supereroe capace di farti una maschera speciale secondo gli Elio e le storie tese Shpalman
11%
Nessun quiz corrispondente trovato
Distribuzione punteggi
Percentuale di utenti per punteggio
Percentile per numero di risposta
I tuoi punteggi nel tempo
Non hai fatto questo quiz